000 00866nam a22001817a 4500
008 110810t1972 xxu||||g |||| 000 0 ara d
082 _222
_a393
_bع و ي
100 _926626
_aعويس،سيد
245 _aالخلود فى حياة المصريين المعاصرين :
_bنظرة القادة الثقافيين المصريين نحو ظاهرة الموت و نحو الموتى /
_cسيد عويس
260 _aالقاهرة:
_bالهيئة المصرية العامة للكتاب،1972.
_c1972.
300 _a290ص،
_c24سم.
650 _926630
_aالموت
_xعادات و تقاليد
650 _926631
_aالخلود
650 _926632
_aالحياة الأخرى
653 _bGeneral
_cAugust2011
942 _2ddc
_cBB
999 _c15800
_d15800